Click Western Europe On A Map - Statistics

General Stats
  • This quiz has been taken 34 times
  • The average score is 23 of 24
Answers on the Map
Answers color-coded by a green-red scale on the quiz's map according to % correct below.
 
Answer Stats
Answer % Correct
Andorra
100%
Italy
100%
Switzerland
100%
Denmark
97%
Finland
97%
France
97%
Germany
97%
Greece
97%
Iceland
97%
Ireland
97%
Luxembourg
97%
Netherlands
97%
Portugal
97%
San Marino
97%
Spain
97%
Sweden
97%
United Kingdom
97%
Austria
94%
Belgium
94%
Malta
94%
Monaco
94%
Liechtenstein
90%
Norway
90%
Vatican City
90%
No matching quizzes found
Score Distribution
Percent of People with Each Score
Percentile by Number Answered
Your Score History
You have not taken this quiz